000 00411nam a2200169Ia 4500
008 240729s9999 xx 000 0 und d
022 _a2572-1143
245 0 _aJOR Spine
260 _aUnited States
260 _bWiley
650 _a Orthopedic surgery
650 _a Surgery
650 _aMedicine
856 _uhttps://doaj.org/toc/4d2af5f53139405f94a0590e39445c17
942 _2ddc
942 _cDOAJEJ
999 _c72546
_d72546
945 _a1
_bMadushi Gamage
_c1
_dMadushi Gamage